000 00726nam a2200205Ia 4500
005 20230721090219.0
008 131103s9999 xx 000 0 und d
020 _a8186954244
_cRs.500.00
040 _aLoreto College
041 _aEnglish
082 _a954
_bMUK
245 4 _aThe Dawn
_bA monthly Magazine : An organ of higher eastern and western thought
_cEdited by Satish Chandra Mukherjee;reprint volumes edited by Madhabendra Nath Mitra
260 _aKolkata
_bJadavpur University in collaboration with National Council of Education,Bengal
_c2005
300 _axl,368p
504 _aVol.V(August 1901-July 1902)
650 _aIndology
700 _aMukherjee,Satish Chandra,ed
850 _aLCLIB
942 _cBK
999 _c24618
_d75097